|
|
|
|
| LEADER |
01493nam a2200289 a 4500 |
| 001 |
15411960 |
| 003 |
BD-DhAAL |
| 008 |
090808s2009 mauab b 001 0 eng d |
| 010 |
|
|
|a 2008035967
|
| 020 |
|
|
|a 9780071281607
|
| 040 |
|
|
|a DLC
|c DLC
|d BTCTA
|d BAKER
|d YDXCP
|d C#P
|d BWX
|d DLC
|
| 082 |
0 |
0 |
|a 658.4/038011
|2 22
|
| 100 |
1 |
|
|a O'Brien, James A.,
|d 1936-
|
| 245 |
1 |
0 |
|a Management information systems /
|c James A. O'Brien, George M. Marakas.
|
| 250 |
|
|
|a Eighth edition.
|
| 260 |
|
|
|a Boston :
|b McGraw-Hill Irwin,
|c c2009.
|
| 300 |
|
|
|a xxxii, 628pages :
|b col. ill., col. maps ;
|c 28 cm
|
| 504 |
|
|
|a Includes bibliographical references and indexes.
|
| 526 |
|
|
|x Khandaker Zahidul Alam
BBS
Course named and no: MIS(CSE 371)
|
| 541 |
1 |
|
|a Essence science publications
|e 00018282
|
| 650 |
|
0 |
|a Management information systems.
|
| 700 |
1 |
|
|a Marakas, George M.
|
| 852 |
4 |
|
|a Ayesha Abed Library
|j General Shelf.
|
| 942 |
|
|
|2 ddc
|c BK
|
| 999 |
|
|
|c 3268
|d 3268
|
| 952 |
|
|
|0 0
|1 0
|2 ddc
|4 0
|6 658_403801100000000_OBR
|7 0
|9 2960
|a BRACUL
|b BRACUL
|c GEN
|d 2009-08-31
|e Karim International
|g 2440.00
|l 1
|o 658.4038011 OBR
|p 3010018282
|r 2012-02-28
|s 2012-02-26
|t 1
|w 2009-08-31
|y BK
|x Requisitioned by Khandaker Zahidul Alam. BBS. Course named and no: MIS(CSE 371)
|
| 952 |
|
|
|0 0
|1 4
|2 ddc
|4 0
|6 658_403801100000000_OBR
|7 0
|9 14573
|a BRACUL
|b BRACUL
|c GEN
|d 2011-03-06
|e Karim International
|g 2440.00
|l 0
|o 658.4038011 OBR
|p 3010018283
|r 2011-03-06
|t 2
|w 2011-03-06
|y BK
|x Requisitioned by Khandaker Zahidul Alam. BBS. Course named and no: MIS(CSE 371)
|